Estudios sobre el Tirant lo Blanc
Enregistré dans:
| Auteurs principaux: | , , |
|---|---|
| Format: | Livre |
| Langue: | espagnol |
| Publié: |
Granada
Universidad de Granada
1995
|
| Collection: | Monográfica, 192
|
| Sujets: | |
| Tags: |
Ajouter un tag
Pas de tags, Soyez le premier à ajouter un tag!
|
MARC
| LEADER | 00000nam a2200000 a 4500 | ||
|---|---|---|---|
| 001 | UCS1934 | ||
| 003 | CL-VaPUC | ||
| 008 | 970516e19950000SP |||||||||||||||||spa|d | ||
| 082 | 0 | 4 | |a 843.09 |b PAR |2 21 |
| 100 | |a Paredes Núñez, Juan |e autor |9 386856 | ||
| 700 | 0 | |a Nogueras Valdivieso, Enrique J |e author |9 386857 | |
| 700 | 0 | |a Sánchez Rodrigo, Lourdes |e author |9 386858 | |
| 245 | 1 | 0 | |a Estudios sobre el Tirant lo Blanc |
| 300 | |a 179 p | ||
| 942 | |c BK | ||
| 945 | |d 19970516 00:00:00 |a rleighto | ||
| 260 | |a Granada |b Universidad de Granada |c 1995 | ||
| 650 | 0 | |a Literatura catalana |9 376969 | |
| 650 | 7 | |a NOVELA CATALANA |2 CL-VaPUC |9 386859 | |
| 650 | 0 | |a Crítica literaria |9 269189 | |
| 650 | 0 | |a Historia y crítica |9 257407 | |
| 583 | |a last modification |c 19970516 00:00:00 |k Rodrigo Vera | ||
| 490 | 0 | |a Monográfica, 192 | |
| 999 | |c 259945 |d 259943 | ||